<?xml version="1.0" encoding="UTF-8"?>
<record
    xmlns:xsi="http://www.w3.org/2001/XMLSchema-instance"
    xsi:schemaLocation="http://www.loc.gov/MARC21/slim http://www.loc.gov/standards/marcxml/schema/MARC21slim.xsd"
    xmlns="http://www.loc.gov/MARC21/slim">

  <leader>01149nam a2200277Ia 4500</leader>
  <datafield tag="999" ind1=" " ind2=" ">
    <subfield code="c">47226</subfield>
    <subfield code="d">47226</subfield>
  </datafield>
  <controlfield tag="001">14086</controlfield>
  <controlfield tag="003">GE_BSU</controlfield>
  <controlfield tag="005">20241104172017.0</controlfield>
  <controlfield tag="008">181216s1986||||un |||||||||||||| ||rus||</controlfield>
  <datafield tag="040" ind1=" " ind2=" ">
    <subfield code="c">GE_BSU</subfield>
  </datafield>
  <datafield tag="041" ind1=" " ind2=" ">
    <subfield code="a">ru</subfield>
  </datafield>
  <datafield tag="080" ind1=" " ind2=" ">
    <subfield code="a">616-056.3(075.8) &#x410;-31</subfield>
  </datafield>
  <datafield tag="100" ind1=" " ind2=" ">
    <subfield code="a">&#x411;&#x435;&#x440;&#x435;&#x436;&#x43D;&#x430;&#x44F;, &#x41D;.  </subfield>
    <subfield code="9">23615</subfield>
  </datafield>
  <datafield tag="245" ind1=" " ind2=" ">
    <subfield code="a">&#x410;&#x43B;&#x43B;&#x435;&#x440;&#x433;&#x43E;&#x43B;&#x43E;&#x433;&#x438;&#x44F; :</subfield>
    <subfield code="b">&#x421;&#x43B;&#x43E;&#x432;&#x430;&#x440;&#x44C;-&#x441;&#x43F;&#x440;&#x430;&#x432;&#x43E;&#x447;&#x43D;&#x438;&#x43A; /</subfield>
    <subfield code="c">H. &#x411;&#x435;&#x440;&#x435;&#x436;&#x43D;&#x430;&#x44F;,  &#x41B;. &#x411;&#x43E;&#x431;&#x43A;&#x43E;&#x432;&#x430;, &#x418;. &#x41F;&#x435;&#x442;&#x440;&#x43E;&#x432;&#x441;&#x43A;&#x430;&#x44F;, &#x421;. &#x418;. &#x42F;&#x43B;&#x43A;&#x443;&#x442; ; &#x440;&#x435;&#x434;. &#x413;. &#x41C;. &#x41B;&#x435;&#x434;&#x44F;&#x435;&#x432;&#x430;, &#x410;. &#x412;. &#x42F;&#x43D;&#x43A;&#x43E;&#x432;&#x441;&#x43A;&#x430;&#x44F; &#x438; &#x434;&#x440;.</subfield>
  </datafield>
  <datafield tag="264" ind1=" " ind2=" ">
    <subfield code="a">&#x41A;&#x438;&#x435;&#x432; :</subfield>
    <subfield code="b">&#x41D;&#x430;&#x443;&#x43A;&#x43E;&#x432;&#x430; &#x434;&#x443;&#x43C;&#x43A;&#x430;,</subfield>
    <subfield code="c">1986.</subfield>
  </datafield>
  <datafield tag="300" ind1=" " ind2=" ">
    <subfield code="a">445 &#x441;&#x442;&#x440;. ;</subfield>
    <subfield code="c">22 &#x441;&#x43C;.</subfield>
  </datafield>
  <datafield tag="541" ind1=" " ind2=" ">
    <subfield code="h">15&#x43B;.</subfield>
  </datafield>
  <datafield tag="653" ind1=" " ind2=" ">
    <subfield code="a">&#x410;&#x43B;&#x43B;&#x435;&#x440;&#x433;&#x43E;&#x43B;&#x43E;&#x433;&#x438;&#x44F;</subfield>
  </datafield>
  <datafield tag="653" ind1=" " ind2=" ">
    <subfield code="a">&#x421;&#x43B;&#x43E;&#x432;&#x430;&#x440;&#x44C;-&#x441;&#x43F;&#x440;&#x430;&#x432;&#x43E;&#x447;&#x43D;&#x438;&#x43A;</subfield>
  </datafield>
  <datafield tag="700" ind1=" " ind2=" ">
    <subfield code="a">&#x411;&#x43E;&#x431;&#x43A;&#x43E;&#x432;&#x430;, &#x41B;.&#x41F;., </subfield>
    <subfield code="c">&#x10D0;&#x10D5;&#x10E2;&#x10DD;&#x10E0;&#x10D8;</subfield>
    <subfield code="9">23616</subfield>
  </datafield>
  <datafield tag="700" ind1=" " ind2=" ">
    <subfield code="a">&#x41F;&#x435;&#x442;&#x440;&#x43E;&#x432;&#x441;&#x43A;&#x430;&#x44F;, &#x418;. &#x410;.,</subfield>
    <subfield code="c">&#x10D0;&#x10D5;&#x10E2;&#x10DD;&#x10E0;&#x10D8;</subfield>
    <subfield code="9">23617</subfield>
  </datafield>
  <datafield tag="700" ind1=" " ind2=" ">
    <subfield code="a">&#x42F;&#x43B;&#x43A;&#x443;&#x442;, &#x421;.&#x418;., </subfield>
    <subfield code="c">&#x10D0;&#x10D5;&#x10E2;&#x10DD;&#x10E0;&#x10D8;</subfield>
    <subfield code="9">23618</subfield>
  </datafield>
  <datafield tag="700" ind1=" " ind2=" ">
    <subfield code="a">&#x41B;&#x435;&#x434;&#x44F;&#x435;&#x432;&#x430;, &#x413;. &#x41C;., </subfield>
    <subfield code="c">&#x10E0;&#x10D4;&#x10D3;&#x10D0;&#x10E5;&#x10E2;&#x10DD;&#x10E0;&#x10D8;</subfield>
    <subfield code="9">23619</subfield>
  </datafield>
  <datafield tag="700" ind1=" " ind2=" ">
    <subfield code="a">&#x42F;&#x43D;&#x43A;&#x43E;&#x432;&#x441;&#x43A;&#x430;&#x44F;, &#x410;. &#x412;., </subfield>
    <subfield code="c">&#x10E0;&#x10D4;&#x10D3;&#x10D0;&#x10E5;&#x10E2;&#x10DD;&#x10E0;&#x10D8;</subfield>
    <subfield code="9">23620</subfield>
  </datafield>
  <datafield tag="942" ind1=" " ind2=" ">
    <subfield code="c">BK</subfield>
    <subfield code="2">udc</subfield>
  </datafield>
  <datafield tag="952" ind1=" " ind2=" ">
    <subfield code="0">0</subfield>
    <subfield code="1">0</subfield>
    <subfield code="2">udc</subfield>
    <subfield code="4">0</subfield>
    <subfield code="6">61605630758_&#x410;31</subfield>
    <subfield code="7">0</subfield>
    <subfield code="9">61823</subfield>
    <subfield code="a">CPL</subfield>
    <subfield code="b">CPL</subfield>
    <subfield code="c">GEN</subfield>
    <subfield code="d">2018-12-17</subfield>
    <subfield code="g">15.00</subfield>
    <subfield code="o">616-056.3(075.8) &#x410;-31</subfield>
    <subfield code="p">27344</subfield>
    <subfield code="r">2018-12-17</subfield>
    <subfield code="t">27344</subfield>
    <subfield code="w">2018-12-17</subfield>
    <subfield code="y">BK</subfield>
    <subfield code="z">15.00 &#x20BE;.</subfield>
  </datafield>
</record>
